Mélanges linguistiques / (Record no. 116109)

MARC details
000 -LEADER
campo de control de longitud fija 00628nam a2200193 4500
001 - NÚMERO DE CONTROL
campo de control 116109
003 - IDENTIFICADOR DE NÚMERO DE CONTROL
campo de control ES-MaACL
005 - FECHA Y HORA DE LA ÚLTIMA TRANSACCIÓN
campo de control 20250907063103.0
007 - CAMPO FIJO DE DESCRIPCIÓN FÍSICA--INFORMACIÓN GENERAL
campo de control de longitud fija t|
008 - DATOS DE LONGITUD FIJA--INFORMACIÓN GENERAL
campo de control de longitud fija 061121s1906 fr r ||||1| fre d
100 1# - ENTRADA PRINCIPAL--NOMBRE DE PERSONA
Nombre de persona Paris, Gaston,
Fechas asociadas al nombre 1839-1903
9 (RLIN) 89136
245 10 - MENCIÓN DEL TÍTULO
Título Mélanges linguistiques /
Mención de responsabilidad, etc. Gaston Paris ; publiés par Mario Roques.
260 ## - PUBLICACIÓN, DISTRIBUCIÓN, ETC.
Lugar de publicación, distribución, etc. Paris :
Nombre del editor, distribuidor, etc. [Honore Champion],
Fecha de publicación, distribución, etc. 1906.
300 ## - DESCRIPCIÓN FÍSICA
Extensión 2 t. en 1 v. ;
Dimensiones 24 cm.
505 8# - NOTA DE CONTENIDO CON FORMATO
Nota de contenido con formato Contiene: T. I. Latin vulgarize et langues romanes. - T. II. Langue Française
700 1# - ENTRADA AGREGADA--NOMBRE PERSONAL
Nombre de persona Roques, Mario.
9 (RLIN) 99553
852 ## - LOCALIZACIÓN
Ubicación ES-MaACL
Número de control de estantería B-1355
Holdings
Estatus retirado Estado de pérdida Estado de daño No para préstamo Biblioteca de origen Biblioteca actual Ubicación en estantería Fecha de adquisición Fuente de adquisición Total de préstamos Signatura topográfica completa Código de barras Visto por última vez Precio de reemplazo Tipo de ítem Koha
        Biblioteca del Ateneo de Madrid Biblioteca del Ateneo de Madrid Sala Pardo Bazán 17/01/2008     B-1355 1121080 23/02/2023 23/02/2023 Libro impreso